Normal view
MARC view
- Khalidi, Tarif
Entry Personal Name
001 - CONTROL NUMBER
- control field: 68173
003 - CONTROL NUMBER IDENTIFIER
- control field: NUST
005 - DATE AND TIME OF LATEST TRANSACTION
- control field: 20210628204007.0
008 - FIXED-LENGTH DATA ELEMENTS
- fixed length control field: 210628|| aca||aabn | a|a d
040 ## - CATALOGING SOURCE
- Original cataloging agency: NUST
- Transcribing agency: NUST
100 ## - HEADING--PERSONAL NAME
- Personal name: Khalidi, Tarif
670 ## - SOURCE DATA FOUND
- Source citation: Work cat.: (NUST): Khalidi, Tarif, Images of muhammad peace be upon him , narratives of the prophet in islam across the centuries, 2009
